00646nam a2200193Ia 4500008004100000020001800041082001500059100003600074245003900110250000800149260003500157300002400192500001900216600003300235650002800268942000700296952013200303999001700435240925s9999 xx 000 0 und d a9780230462182 a428.24 MCC aWhitby, Norman; McCarter, Sam 0aWriting For IELTS: with answer Key a1st aCalifornia:bMacmillanc,2014. a238p.bNAfOriginal aIncludes Index aHumanities & Natural Science aEnglish and Old English cBK 001040708HUMaUITUbUITUd2018-07-12eShahid Book Centerg440.00l0o428.24 MCCpQ12434r2024-09-25 07:16:29w2024-09-25yBK c14933d14933